Closest States in the 2020 Presidential Election - Statistics

General Stats
  • This quiz has been taken 932 times
  • The average score is 9 of 10
Answer Stats
Diff. State % Correct
0.2% Georgia
97%
2.8% Michigan
94%
1.2% Pennsylvania
94%
0.3% Arizona
93%
3.4% Florida
91%
0.8% Wisconsin
91%
1.3% North Carolina
90%
2.4% Nevada
88%
5.6% Texas
85%
7.1% Minnesota
72%
No matching quizzes found
Score Distribution
Percent of People with Each Score
Percentile by Number Answered
Your Score History
You have not taken this quiz